Twelve cases for executives (Record no. 74327)

MARC details
000 -LEADER
fixed length control field 00644cam a22002171 4500
001 - CONTROL NUMBER
control field sa 67004237
003 - CONTROL NUMBER IDENTIFIER
control field DLC
005 - DATE AND TIME OF LATEST TRANSACTION
control field 20260227112344.0
008 - FIXED-LENGTH DATA ELEMENTS--GENERAL INFORMATION
fixed length control field 880315s1963 ii 000 0 eng
010 ## - LIBRARY OF CONGRESS CONTROL NUMBER
LC control number sa 67004237
025 ## - OVERSEAS ACQUISITION NUMBER
Overseas acquisition number PL480:I-E-8207
035 ## - SYSTEM CONTROL NUMBER
System control number (OCoLC)17632646
040 ## - CATALOGING SOURCE
Original cataloging agency DLC
Transcribing agency MiDW
Modifying agency DLC
042 ## - AUTHENTICATION CODE
Authentication code premarc
050 00 - LIBRARY OF CONGRESS CALL NUMBER
Classification number HD31
Item number .G495
100 1# - MAIN ENTRY--PERSONAL NAME
Personal name Gidwani, K. A.
245 10 - TITLE STATEMENT
Title Twelve cases for executives
Statement of responsibility, etc. [by] K.A. Gidwani.
260 ## - PUBLICATION, DISTRIBUTION, ETC.
Place of publication, distribution, etc. [Ahmedabad]
Name of publisher, distributor, etc. Human Relations Division, Ahmedabad Textile Industry's Research Association
Date of publication, distribution, etc. [1963]
300 ## - PHYSICAL DESCRIPTION
Extent 59 p.
Dimensions 26 cm.
650 #0 - SUBJECT ADDED ENTRY--TOPICAL TERM
Topical term or geographic name entry element Industrial management
Form subdivision Case studies.

No items available.

Powered by Koha